000 01254cad a22002295a 4500
001 L159849
008 081017s2017 xxko f 000 0 eng d
035 _a(Sirsi) u159849
041 0 _aeng
050 0 4 _a690.241 $2 18
110 2 _aInstitute of Historic Building Conservation
_93725
245 0 0 _aConservation Professional Practice Principles
_h[electronic resource]
260 _[S.l.]
_bIHBC
_c2017
520 _aProvides an overview of built and historic environment practice for conservation professionals across the United Kingdom. It has been developed to raise awareness of the skills and specialisms necessary to properly manage, conserve and develop historic places and buildings. It recognises international, national and devolved UK legislation, policy and statements, and how they operate in practice
590 _aKA
651 4 _aUnited Kingdom
_y
690 _aBUILT ENVIRONMENT-BUILDING MAINTENANCE AND REFURBISHMENT-BUILDING CONSERVATION
710 1 _aCivic Voice
710 1 _aHistoric Towns and Villages Forum
856 4 0 _uhttps://ihbconline.co.uk/newsachive/wp-content/uploads/2017/06/Conservation-Professional-Practice-Principles_A5-FINAL-May-2017.pdf
_zView the item free of charge at ihbconline.co.uk...
942 _n0
999 _c116135
_d116135